000 00588nam a2200217Ia 4500
003 OSt
005 20140321144959.0
008 140130s9999 xx 000 0 und d
020 _a0439522242
050 _aPZ 7
_b.B47976 2003
245 _aThe big book of alphatales /
260 _bScholastic,
_c2003.
_aU.S.A :
300 _a26 v. in 1 :
_bcol. ill. ;
_c26 cm.
440 _v1
650 _aReading
_vPhonetic method.
650 _aEnglish language
_vPhonemics.
650 _a Reading (Primary)
650 _aAlphabet
_vStudy and teaching.
942 _cBK
_2lcc
999 _c41640
_d41640